00491 a2200157 4500010001400000020002600014035001300040037001600053082000800069100002000077245009200097260005000189270004600239300002900285500001900314 aENG-89150 a9780071492393c195.00 aEN-72683 bDBAD / PUB a158 aBen-Shahar, Tal aHappier :cby Tal Ben-Shaharblearn the secrets to daily joy and lasting fulfillment / aNew DelhibTata McGraw-Hill Publishingc2008 a7, West Patel Nagar,bNew Delhie110 008 axvi, 192p.c23cm (pbk ) aIncludes index